The Art of public speaking / (Record no. 11050)

MARC details
000 -LEADER
fixed length control field 00677cam a22002292 4500
001 - CONTROL NUMBER
control field 0000011852
005 - DATE AND TIME OF LATEST TRANSACTION
control field 20151217154413.0
008 - FIXED-LENGTH DATA ELEMENTS--GENERAL INFORMATION
fixed length control field 090114s xx 000 0 eng d
020 ## - INTERNATIONAL STANDARD BOOK NUMBER
International Standard Book Number 0071106924
040 ## - CATALOGING SOURCE
Original cataloging agency KABU
Transcribing agency KABU
050 #0 - LIBRARY OF CONGRESS CALL NUMBER
Classification number PN4121
Item number .L83 2007
100 1# - MAIN ENTRY--PERSONAL NAME
Personal name Lucas, Stephen E.
-- 0000152189
245 14 - TITLE STATEMENT
Title The Art of public speaking /
Statement of responsibility, etc. Stephen E. Lucas.
250 ## - EDITION STATEMENT
Edition statement 9th ed.
260 ## - PUBLICATION, DISTRIBUTION, ETC. (IMPRINT)
Place of publication, distribution, etc. New York :
Name of publisher, distributor, etc. McGraw-Hill,
Date of publication, distribution, etc. 2007.
300 ## - PHYSICAL DESCRIPTION
Extent xxx, 506 p. +
Accompanying material 2 CD-ROM.
500 ## - GENERAL NOTE
General note Electronic resource available.
650 #0 - SUBJECT ADDED ENTRY--TOPICAL TERM
Topical term or geographic name as entry element Public speaking.
-- 0000152161
852 1# - LOCATION
-- p11000 KES
908 ## - PUT COMMAND PARAMETER (RLIN)
Put command parameter 090114
950 ## - LOCAL HOLDINGS (RLIN)
-- 1
Holdings
Withdrawn status Lost status Source of classification or shelving scheme Not for loan Home library Current library Date acquired Total Checkouts Total Renewals Full call number Barcode Date last seen Date last checked out Price effective from Koha item type
    Library of Congress Classification   Kabarak, Main Campus Kabarak, Main Campus 17/12/2015 4 3 PN4121 .L83 2007 c. 1 16095 14/06/2022 05/03/2019 17/12/2015 General Collection
Designed with assistance from East African Informatics Ltd